<The> Comparison of European private equity activity data 2006-2015
Príspevok sa venuje aktivitám private equity, rizikového a rozvojového kapitálu v Európe. Definovanie pojmu private equity. Porovnáva aktivity private equity v Európe počas 10-tich rokov.
Salvato in:
| Autore principale: | |
|---|---|
| Natura: | Capitolo di libro |
| Lingua: | inglese |
| Soggetti: | |
| Tags: |
Nessun Tag, puoi essere il primo ad aggiungerne!!
|
MARC
| LEADER | 00000nla a2200000 4500 | ||
|---|---|---|---|
| 001 | 0226645 | ||
| 005 | 20240502073731.1 | ||
| 041 | 0 | |a eng | |
| 044 | |a SK | ||
| 245 | 1 | 0 | |a <The> Comparison of European private equity activity data 2006-2015 |c Magdaléna Freňáková |
| 520 | |a Príspevok sa venuje aktivitám private equity, rizikového a rozvojového kapitálu v Európe. Definovanie pojmu private equity. Porovnáva aktivity private equity v Európe počas 10-tich rokov. | ||
| 610 | 2 | 0 | |a private equity |
| 610 | 2 | 0 | |a kapitál rizikový |
| 610 | 2 | 0 | |a investície |
| 610 | 2 | 0 | |a fundraising |
| 610 | 2 | 0 | |a Európa |
| 100 | 1 | |a Freňáková, Magdaléna, 1981- | |